000 00374nam a2200145Ia 4500
008 240112s1955 AUG xx 000 0 und d
022 _a54-6097
041 _aeng
082 _a618.92705
100 _aBARWIN H.
245 _aPEDIATRIC CLINICS OF NORTH AMERIC:SYMPOSIUM ON PEDIATRIC UROLOGY
260 _bSAUNDERS W.B.
_c1955 AUG
300 _a925,HB
440 _v4
999 _c1141480
_d1141480